000 00318nam a2200133Ia 4500
008 240624s9999 xx 000 0 und d
041 _aeng
082 _a005.54 NEL
100 _aNELSON STEPHEN L
245 _aEXCEL DATA ANALYSIS FOR DUMMIES
250 _a(2nd ed.)
260 _aNew Delhi
_bWiley
365 _cRS
_b33
999 _c26280
_d26280